000 00540cam a2200169 4500500
005 20260405001526.0
041 _afre
042 _adc
100 1 0 _aPortevin, Catherine
_eauthor
245 0 0 _aLa raison des sortilèges : Entretiens sur la musique
260 _c2013.
500 _a72
690 _aMichel Onfray
690 _aMusique
786 0 _nPhilosophie magazine | 71 | 7 | 2013-07-01 | p. 91-92 | 1951-1787
856 4 1 _uhttps://shs.cairn.info/magazine-philosophie-magazine-2013-6-page-91?lang=fr&redirect-ssocas=7080
999 _c2048559
_d2048559